Návrh opatrení na zlepšenie nakladania s odpadmi v lokalite Humenné diplomová práca

Salvato in:
Dettagli Bibliografici
Autore principale: Korpa, Matúš
Ente Autore: Podnikovohospodárska fakulta EU so sídlom v Košiciach. Katedra manažmentu
Altri autori: Bosák, Martin, 1967-
Natura: Libro
Lingua:slovacco
Pubblicazione: Košice 2017
Tags: Aggiungi Tag
Nessun Tag, puoi essere il primo ad aggiungerne!!

MARC

LEADER 00000nbm a2200000 4500
001 0231622
005 20171121122812.6
041 0 |a slo 
044 |a SK 
245 1 0 |a Návrh opatrení na zlepšenie nakladania s odpadmi v lokalite Humenné  |b diplomová práca  |c Matúš Korpa ; školiteľ: Martin Bosák 
264 1 |a Košice  |c 2017 
300 |a 72 s. 
100 1 |a Korpa, Matúš 
700 1 |a Bosák, Martin, 1967- 
710 2 |a Podnikovohospodárska fakulta EU so sídlom v Košiciach. Katedra manažmentu